| 000 | 01464cam a22003977a 4500 | ||
|---|---|---|---|
| 003 | CHAP | ||
| 005 | 20220329141837.0 | ||
| 008 | 971203d1997 mx a r 00110 spa d | ||
| 010 | _a74690 | ||
| 011 | _a75662 | ||
| 035 | _a85228 | ||
| 040 | _cCHAP | ||
| 090 | _aTesis | ||
| 100 | 0 | 0 |
_aSuárez Islas, Alfonso. _9110706 |
| 245 | 1 | 0 |
_aAutoecología del hongo de pino (Tricholoma magnivelare (Peck) Redhead) en el sureste de la Sierra de Pachuca, Hidalgo _c/por Alfonso Suárez Islas |
| 260 |
_aChapingo, Méx. : _bEl autor, _c1997. |
||
| 300 |
_a112 h. : _bilus. |
||
| 502 | _aTesis (Ing. Forestal con Orientación en Silvicultura) -- UACH. División de Ciencias Forestales | ||
| 590 |
_aALEPH _b10 _c20130110 _lUCH01 _h1421 |
||
| 590 |
_aBATCH-UPD _b10 _c20130109 _lUCH01 _h2325 |
||
| 590 |
_aBATCH-UPD _b10 _c20130110 _lUCH01 _h0750 |
||
| 590 |
_aBATCH-UPD _b10 _c20130110 _lUCH01 _h2354 |
||
| 590 |
_aBATCH-UPD _b10 _c20130409 _lUCH01 _h1849 |
||
| 590 |
_aBATCH-UPD _b10 _c20130410 _lUCH01 _h0430 |
||
| 590 |
_aBATCH-UPD _b10 _c20130914 _lUCH01 _h1252 |
||
| 590 |
_aCONVERSION _b10 _c20130109 _lUCH01 _h1341 |
||
| 650 | 1 | 4 |
_aHongos comestibles. _956124 |
| 650 | 1 | 4 |
_aPináceas _xHidalgo. _988242 |
| 650 | 1 | 4 |
_aTricholoma magnivelare. _9114930 |
| 650 | 2 | 4 |
_aEcología forestal. _935176 |
| 901 | _aBK | ||
| 905 | _aLilia Sánchez G. | ||
| 942 | _cFOLL | ||
| 949 |
_bBC _cTES _d33724000637468 _eTS2 _fc.2 _h31370 _i85228 _si |
||
| 949 |
_bBC _cTES _d852281 _eTS1 _h31369 _i85228 _sb |
||
| 999 |
_c74690 _d74690 |
||